Answers Are Palindromes Quiz Stats

 Plays Quiz not verified by Sporcle

Score 0/14 Timer 02:00
0 Plays Today
Clue Palindrome % Correct
Similar to a canoe in functionKayak
84.5%
A woman, formallyMadam
78.6%
The first name of Miley's alter-egoHannah
77.4%
Someone from KazakhstanKazak
70.2%
Video game stageLevel
70.2%
Used by the police to track your speedRadar
69%
Way more redRedder
67.5%
Clue Palindrome % Correct
A style of 'tater', or a small childTot
66.3%
Document that proves ownershipDeed
66.3%
Jimmie Johnson's vehicle of choiceRacecar
64.3%
Y Chromosome donor, informallyDad
57.1%
Battle of the ______Sexes
34.9%
The holy hero in 'The Sound of Music'Nun
33.3%
One who brings back life Reviver
26.2%

You're not logged in!

Compare scores with friends on all Sporcle quizzes.
OR
Log In

Sporcle TV

Today on Sporcle TV


Watch our educational content, quiz creation guides, and fun videos on Sporcle TV.

Show Comments

Extras

Created Dec 21, 2014ReportNominate
Tags:palindrome, palindromic

Top Quizzes Today


Score Distribution

Your Account Isn't Verified!

In order to create a playlist on Sporcle, you need to verify the email address you used during registration. Go to your Sporcle Settings to finish the process.

Report this User

Report this user for behavior that violates our Community Guidelines.

Details: